[Event "Norway Chess 2019"]
[Site "Stavanger NOR"]
[Date "2019.06.13"]
[Round "8"]
[White "Vachier-Lagrave, Maxime"]
[Black "Ding, Liren"]
[Result "1/2-1/2"]
[WhiteElo "2779"]
[BlackElo "2805"]
[PlyCount "40"]
[EventDate "2019.06.04"]

1. e4 e5 2. Nf3 Nc6 3. Bc4 Bc5 4. c3 Nf6 5. d3 d6 6. O-O O-O 7. Re1 a6 8. a4
Ba7 9. h3 Be6 10. Bxe6 fxe6 11. b4 Nh5 12. Ra2 Qf6 13. Na3 Ne7 14. Bg5 Qf7 15.
Be3 Nf4 16. Kh2 Qg6 17. Nh4 Qh6 18. Nf3 Qg6 19. Nh4 Qh6 20. Nf3 Qg6 1/2-1/2

[Event "Norway Chess 2019"]
[Site "Stavanger NOR"]
[Date "2019.06.13"]
[Round "8"]
[White "Mamedyarov, Shakhriyar"]
[Black "So, Wesley"]
[Result "1/2-1/2"]
[WhiteElo "2774"]
[BlackElo "2754"]
[PlyCount "92"]
[EventDate "2019.06.04"]

1. d4 Nf6 2. Bg5 d5 3. e3 c5 4. Bxf6 gxf6 5. dxc5 Nc6 6. Bb5 e6 7. c4 dxc4 8.
Nd2 Bd7 9. Ngf3 c3 10. bxc3 Bxc5 11. O-O O-O 12. Rb1 Qc7 13. Nd4 Be7 14. Qh5 f5
15. e4 Qf4 16. Rfd1 Qg4 17. Qxg4+ fxg4 18. Nc4 Rfd8 19. Bxc6 bxc6 20. Ne5 c5
21. Ndc6 Bxc6 22. Nxc6 Rxd1+ 23. Rxd1 Bf6 24. e5 Bg5 25. g3 a5 26. h4 Bh6 27.
Kf1 Kf8 28. Rd7 Ke8 29. Re7+ Kf8 30. Rc7 Bd2 31. c4 h5 32. Ke2 Bc3 33. Kd3 Be1
34. Ke2 Bc3 35. f3 gxf3+ 36. Kxf3 a4 37. g4 Kg7 38. gxh5 Rh8 39. Kg4 Rg8 40.
Rd7 Kh6+ 41. Kf3 Rg1 42. Nd8 Kxh5 43. Rxf7 Bxe5 44. Ra7 Rf1+ 45. Ke2 Rf4 46.
Rxa4 Bd4 1/2-1/2

[Event "Norway Chess 2019"]
[Site "Stavanger NOR"]
[Date "2019.06.13"]
[Round "8"]
[White "Grischuk, Alexander"]
[Black "Anand, Viswanathan"]
[Result "1/2-1/2"]
[WhiteElo "2775"]
[BlackElo "2767"]
[PlyCount "61"]
[EventDate "2019.06.04"]

1. e4 e5 2. Nf3 Nc6 3. Bb5 a6 4. Ba4 Nf6 5. O-O Nxe4 6. d4 b5 7. Bb3 d5 8. dxe5
Be6 9. Nbd2 Nc5 10. c3 d4 11. Bxe6 Nxe6 12. cxd4 Ncxd4 13. a4 Bb4 14. axb5
Nxf3+ 15. Nxf3 axb5 16. Rxa8 Qxa8 17. Ng5 Nxg5 18. Bxg5 h6 19. e6 fxe6 20. Qh5+
Kf8 21. Bf4 Qd5 22. Qe2 Bd6 23. Rd1 Qc4 24. Qxc4 bxc4 25. Bxd6+ cxd6 26. Rxd6
Ke7 27. Rc6 Rb8 28. Rxc4 Rxb2 29. g3 h5 30. h4 g6 31. Kg2 1/2-1/2

[Event "Norway Armageddon 2019"]
[Site "Stavanger NOR"]
[Date "2019.06.13"]
[Round "8"]
[White "Vachier-Lagrave, Maxime"]
[Black "Ding, Liren"]
[Result "1-0"]
[WhiteElo "2779"]
[BlackElo "2805"]
[PlyCount "117"]
[EventDate "2019.06.04"]

1. c4 e5 2. Nc3 Nf6 3. e3 Bb4 4. Nge2 O-O 5. a3 Bxc3 6. Nxc3 d5 7. cxd5 Nxd5 8.
Qc2 c5 9. Bd3 h6 10. b3 Nc6 11. Nxd5 Qxd5 12. Be4 Qd6 13. Bb2 Be6 14. O-O Rac8
15. f4 Bd5 16. Bh7+ Kh8 17. Bf5 Rcd8 18. Rad1 b6 19. Qc3 f6 20. b4 cxb4 21.
axb4 Qxb4 22. Qxb4 Nxb4 23. fxe5 fxe5 24. Bxe5 Bc4 25. d3 Nxd3 26. Rxd3 Bxd3
27. Bxd3 Rxf1+ 28. Bxf1 a5 29. Bc7 Rd2 30. Bxb6 a4 31. Bc5 Rc2 32. Bb4 Rb2 33.
Bd6 Rd2 34. Be7 Ra2 35. Bc4 Ra1+ 36. Kf2 a3 37. Kf3 a2 38. Ke4 Rg1 39. Bxa2
Rxg2 40. Bd5 Rxh2 41. Kf5 Kh7 42. e4 Rf2+ 43. Ke6 g5 44. e5 g4 45. Bh4 Rh2 46.
Bg3 Rh3 47. Bf4 Kg7 48. Kd6 Rd3 49. e6 Kf8 50. Bxh6+ Ke8 51. Bf4 g3 52. Bxg3
Rd1 53. Ke5 Rc1 54. Bf4 Re1+ 55. Kf6 Kd8 56. Kf7 Re2 57. Bg5+ Kc7 58. e7 Rf2+
59. Bf6 1-0

[Event "Norway Armageddon 2019"]
[Site "Stavanger NOR"]
[Date "2019.06.13"]
[Round "8"]
[White "Mamedyarov, Shakhriyar"]
[Black "So, Wesley"]
[Result "1/2-1/2"]
[WhiteElo "2774"]
[BlackElo "2754"]
[PlyCount "76"]
[EventDate "2019.06.04"]

1. d4 Nf6 2. Bg5 d5 3. Bxf6 exf6 4. e3 Bd6 5. Nd2 O-O 6. Qf3 c6 7. Bd3 Re8 8.
Ne2 Be6 9. g4 Qb6 10. O-O-O Nd7 11. Nf4 Qc7 12. h4 a5 13. Rdg1 a4 14. a3 c5 15.
g5 Bxf4 16. exf4 f5 17. Qe3 Rac8 18. c3 cxd4 19. Qxd4 Nb8 20. Kb1 Nc6 21. Qxa4
d4 22. Rc1 Qxf4 23. Rhd1 Qxh4 24. Nf3 Qxf2 25. Nxd4 Nxd4 26. cxd4 Qe3 27. Rxc8
Rxc8 28. d5 Bxd5 29. Bxf5 Be6 30. Qg4 g6 31. Bxe6 Qxe6 32. Qxe6 fxe6 33. Rd7 b5
34. b4 Rf8 35. Rb7 Rf5 36. a4 bxa4 37. b5 Rxg5 38. Ka2 Rg3 1/2-1/2

[Event "Norway Chess 2019"]
[Site "Stavanger NOR"]
[Date "2019.06.14"]
[Round "9"]
[White "Caruana, Fabiano"]
[Black "Carlsen, Magnus"]
[Result "1/2-1/2"]
[WhiteElo "2819"]
[BlackElo "2875"]
[PlyCount "111"]
[EventDate "2019.06.04"]

1. e4 c5 2. Nf3 Nc6 3. Bb5 g6 4. Bxc6 dxc6 5. d3 Bg7 6. h3 e5 7. O-O Qc7 8. a3
Nf6 9. Be3 c4 10. Nc3 cxd3 11. Qxd3 O-O 12. Rfd1 Re8 13. Bc5 Bf8 14. Bxf8 Kxf8
15. Rd2 Be6 16. Rad1 Rad8 17. Qxd8 Rxd8 18. Rxd8+ Kg7 19. R8d3 h6 20. b4 a5 21.
Re3 Nd7 22. Na4 b5 23. Nb2 c5 24. c3 c4 25. Rd2 axb4 26. axb4 Nf6 27. Nd1 Bd7
28. Nh2 Qa7 29. h4 Bc6 30. f3 Bd7 31. Nf1 Be6 32. Kh2 Nh5 33. g3 g5 34. hxg5
hxg5 35. Nf2 g4 36. Nxg4 Bxg4 37. fxg4 Nf6 38. Kg2 Nxg4 39. Rf3 Qa8 40. Re2 Kg6
41. Rf5 f6 42. Nh2 Nh6 43. Rf1 Kg7 44. Rd1 Qa3 45. Rd7+ Kg6 46. Nf3 Qxc3 47.
Nh4+ Kh5 48. Rh7 Qd3 49. Re1 c3 50. Nf3 Qc2+ 51. Kh3 Kg6 52. Rc7 Nf7 53. Nh4+
Kg7 54. Nf5+ Kg6 55. Nh4+ Kg7 56. Nf5+ 1/2-1/2

[Event "Norway Chess 2019"]
[Site "Stavanger NOR"]
[Date "2019.06.14"]
[Round "9"]
[White "Anand, Viswanathan"]
[Black "Aronian, Levon"]
[Result "1/2-1/2"]
[WhiteElo "2767"]
[BlackElo "2752"]
[PlyCount "71"]
[EventDate "2019.06.04"]

1. e4 e5 2. Nf3 Nc6 3. Bc4 Bc5 4. c3 Nf6 5. d4 exd4 6. e5 d5 7. Bb5 Ne4 8. cxd4
Bb6 9. Nc3 O-O 10. Be3 Bg4 11. h3 Bh5 12. Qc2 Nxc3 13. bxc3 f6 14. exf6 Qxf6
15. Be2 Na5 16. O-O Bxf3 17. Bxf3 c6 18. Rae1 Nc4 19. Bc1 Rae8 20. Be2 Re6 21.
Bd3 g6 22. Re2 Rxe2 23. Qxe2 Nd6 24. Re1 Re8 25. Qd1 Rxe1+ 26. Qxe1 c5 27. dxc5
Bxc5 28. Bd2 b6 29. Qe2 Kf7 30. Be1 Qf4 31. Kf1 Ne4 32. Qg4 Qxg4 33. hxg4 Be7
34. Ke2 Nc5 35. Bc2 Bf6 36. Bd2 1/2-1/2

[Event "Norway Chess 2019"]
[Site "Stavanger NOR"]
[Date "2019.06.14"]
[Round "9"]
[White "So, Wesley"]
[Black "Vachier-Lagrave, Maxime"]
[Result "1/2-1/2"]
[WhiteElo "2754"]
[BlackElo "2779"]
[PlyCount "117"]
[EventDate "2019.06.04"]

1. Nf3 c5 2. c4 Nf6 3. Nc3 d5 4. cxd5 Nxd5 5. e3 Nxc3 6. dxc3 Qc7 7. e4 e6 8.
Be3 Be7 9. Nd2 O-O 10. Qf3 Rd8 11. Qg3 Bd6 12. f4 b6 13. Qf2 Bf8 14. Be2 Ba6
15. O-O Bxe2 16. Qxe2 Nc6 17. f5 exf5 18. exf5 Re8 19. Rae1 Rad8 20. Nf3 f6 21.
Qc4+ Qf7 22. Qxf7+ Kxf7 23. Bf4 Ne7 24. g4 Nd5 25. Bd2 c4 26. Rxe8 Bc5+ 27. Kg2
Rxe8 28. Re1 Be3 29. a4 a6 30. Bxe3 Nxe3+ 31. Kg3 h5 32. gxh5 Re7 33. Kf2 Nxf5
34. Rd1 Rb7 35. Rd5 Ke6 36. Rd8 b5 37. Ra8 bxa4 38. Rxa6+ Kf7 39. Rxa4 Rxb2+
40. Ke1 Ne3 41. Nd2 Rc2 42. Nxc4 Nf5 43. Ra5 Rxc3 44. Rxf5 Rxc4 45. Kf2 Rc3 46.
Ra5 Rh3 47. Kg2 Re3 48. Ra8 Re5 49. Rh8 Re8 50. Rxe8 Kxe8 51. Kf3 Kf7 52. Ke4
Kg8 53. Kf5 Kh7 54. Kf4 Kh6 55. Kg4 f5+ 56. Kxf5 Kxh5 57. h4 Kxh4 58. Kg6 Kg4
59. Kxg7 1/2-1/2

[Event "Norway Chess 2019"]
[Site "Stavanger NOR"]
[Date "2019.06.14"]
[Round "9"]
[White "Yu, Yangyi"]
[Black "Mamedyarov, Shakhriyar"]
[Result "1-0"]
[WhiteElo "2738"]
[BlackElo "2774"]
[PlyCount "59"]
[EventDate "2019.06.04"]

1. e4 e5 2. Nf3 Nc6 3. Nc3 Nf6 4. d4 exd4 5. Nxd4 Bb4 6. Nxc6 bxc6 7. Bd3 d5 8.
exd5 O-O 9. O-O Bg4 10. f3 Bh5 11. Bg5 Qd6 12. Bxf6 Qxf6 13. Ne4 Qxb2 14. dxc6
Bg6 15. Kh1 Qd4 16. Qe2 Rfe8 17. Rad1 Qe5 18. Bc4 Rad8 19. Rd7 Rxd7 20. cxd7
Rd8 21. Rd1 Kf8 22. c3 Ba3 23. Rd5 Qe7 24. Bb5 Bd6 25. c4 a6 26. Ba4 Bxe4 27.
Qxe4 Qxe4 28. fxe4 f6 29. Ra5 Rb8 30. g3 1-0

[Event "Norway Chess 2019"]
[Site "Stavanger NOR"]
[Date "2019.06.14"]
[Round "9"]
[White "Ding, Liren"]
[Black "Grischuk, Alexander"]
[Result "1/2-1/2"]
[WhiteElo "2805"]
[BlackElo "2775"]
[PlyCount "61"]
[EventDate "2019.06.04"]

1. d4 Nf6 2. c4 g6 3. g3 c6 4. Bg2 d5 5. Nd2 Bg7 6. b3 O-O 7. Bb2 Bf5 8. Ngf3
a5 9. O-O a4 10. bxa4 Qa5 11. Qb3 Qxa4 12. Qxb7 Nbd7 13. Qb3 Rfb8 14. cxd5 cxd5
15. Qxa4 Rxa4 16. Bc3 e6 17. h3 h5 18. Nh4 Rba8 19. Nxf5 gxf5 20. Rfb1 Rxa2 21.
Rxa2 Rxa2 22. Rb2 Rxb2 23. Bxb2 Ne4 24. Nxe4 fxe4 25. e3 Kh7 26. Bf1 Bf8 27.
Bc3 Kg6 28. Ba5 Be7 29. Bc7 Nf6 30. Bb5 Nh7 31. Kg2 1/2-1/2

[Event "Norway Armageddon 2019"]
[Site "Stavanger NOR"]
[Date "2019.06.14"]
[Round "9"]
[White "Caruana, Fabiano"]
[Black "Carlsen, Magnus"]
[Result "1-0"]
[WhiteElo "2819"]
[BlackElo "2875"]
[PlyCount "104"]
[EventDate "2019.06.04"]

1. e4 c5 2. Nf3 Nc6 3. Bb5 Nf6 4. Nc3 Nd4 5. e5 Nxb5 6. Nxb5 Nd5 7. Ng5 f6 8.
Ne4 f5 9. Nbc3 Nxc3 10. Nxc3 d6 11. O-O dxe5 12. Qe2 e6 13. Qxe5 Qd6 14. Qe2
Be7 15. b3 O-O 16. Bb2 Bd7 17. Rae1 Rae8 18. Nd1 Bf6 19. Bxf6 Rxf6 20. Nb2 Rh6
21. Qe5 Qxe5 22. Rxe5 b6 23. a4 Bc6 24. a5 Rd8 25. axb6 axb6 26. d3 Rd5 27. Nc4
Bb5 28. Rxd5 exd5 29. Ne3 d4 30. Nxf5 Re6 31. Ra1 Kf7 32. f3 Kf6 33. Ng3 Re7
34. Ne4+ Ke6 35. Ra8 Bc6 36. Ra6 Bxe4 37. Rxb6+ Bc6 38. Rxc6+ Kd5 39. Ra6 Re2
40. Ra2 Kc6 41. h4 h5 42. Kh2 Kb6 43. Kg3 Rd2 44. f4 g6 45. Kf3 Kb7 46. b4 c4
47. dxc4 d3 48. Ke3 Rxg2 49. Kxd3 Rg4 50. Ra5 Rxf4 51. Rg5 Rxh4 52. Rxg6 Rh1
1-0

[Event "Norway Armageddon 2019"]
[Site "Stavanger NOR"]
[Date "2019.06.14"]
[Round "9"]
[White "Anand, Viswanathan"]
[Black "Aronian, Levon"]
[Result "1/2-1/2"]
[WhiteElo "2767"]
[BlackElo "2752"]
[PlyCount "81"]
[EventDate "2019.06.04"]

1. e4 e5 2. Nf3 Nc6 3. Bc4 Bc5 4. c3 Nf6 5. d3 O-O 6. O-O a6 7. a4 d6 8. Nbd2
Ba7 9. h3 Kh8 10. b4 Ng8 11. Bb3 f5 12. b5 axb5 13. axb5 Bxf2+ 14. Rxf2 Rxa1
15. bxc6 bxc6 16. Qc2 Qe7 17. Ba2 Be6 18. Nb3 Bxb3 19. Bxb3 f4 20. Kh2 Nf6 21.
Bb2 Raa8 22. d4 exd4 23. Re2 d3 24. Qxd3 Nd7 25. c4 Rab8 26. Qc3 Qf6 27. Qc1
Qe6 28. Ba4 Nc5 29. Bxc6 Rb6 30. Bd5 Qg6 31. Bd4 c6 32. Bxc5 dxc5 33. Qe1 cxd5
34. cxd5 h6 35. e5 Rb3 36. e6 Rd3 37. Ne5 Qg3+ 38. Kg1 Rxd5 39. Qxg3 fxg3 40.
Ng6+ Kh7 41. Nxf8+ 1/2-1/2

[Event "Norway Armageddon 2019"]
[Site "Stavanger NOR"]
[Date "2019.06.14"]
[Round "9"]
[White "So, Wesley"]
[Black "Vachier-Lagrave, Maxime"]
[Result "1-0"]
[WhiteElo "2754"]
[BlackElo "2779"]
[PlyCount "89"]
[EventDate "2019.06.04"]

1. d4 Nf6 2. c4 g6 3. Nf3 Bg7 4. e3 O-O 5. Be2 d6 6. Nc3 Bf5 7. O-O a5 8. Nd2
e5 9. d5 Na6 10. e4 Bd7 11. a3 Nc5 12. b3 c6 13. Rb1 cxd5 14. cxd5 Qc7 15. Re1
Rfc8 16. f3 Bh6 17. Kh1 a4 18. b4 Bxd2 19. Bxd2 Nb3 20. Bg5 Nh5 21. Na2 Qc2 22.
Qxc2 Rxc2 23. Nc1 f6 24. Nxb3 fxg5 25. Na5 Nf4 26. Bf1 Rac8 27. Nxb7 R8c3 28.
Nxd6 Rxa3 29. b5 Rb3 30. b6 Rcb2 31. Rxb2 Rxb2 32. b7 Rb6 33. g3 Nh3 34. Rc1
Kf8 35. Rc8+ Ke7 36. b8=Q Rxb8 37. Rxb8 Kxd6 38. Rd8 Kc7 39. Rxd7+ Kxd7 40.
Bxh3+ g4 41. Bf1 a3 42. Bc4 gxf3 43. Kg1 g5 44. g4 Kd6 45. Kf2 1-0

[Event "Norway Armageddon 2019"]
[Site "Stavanger NOR"]
[Date "2019.06.14"]
[Round "9"]
[White "Ding, Liren"]
[Black "Grischuk, Alexander"]
[Result "1/2-1/2"]
[WhiteElo "2805"]
[BlackElo "2775"]
[PlyCount "86"]
[EventDate "2019.06.04"]

1. d4 Nf6 2. c4 g6 3. g3 c6 4. Bg2 d5 5. Nf3 Bg7 6. O-O O-O 7. b3 dxc4 8. bxc4
c5 9. Na3 Bf5 10. Bb2 cxd4 11. Nxd4 Be4 12. f3 Bc6 13. e4 Qb6 14. Qb3 Nxe4 15.
Rad1 Nc5 16. Qxb6 axb6 17. Nab5 Rxa2 18. Bc3 Nbd7 19. Rf2 Rxf2 20. Kxf2 Ra8 21.
Rd2 Bxb5 22. cxb5 Nf6 23. Ne2 e6 24. Bd4 Nd5 25. f4 Bxd4+ 26. Rxd4 Ra2 27. Bxd5
exd5 28. Rxd5 Rb2 29. Kf3 Rxb5 30. f5 Rb3+ 31. Kg4 Rd3 32. Re5 Kg7 33. Nf4 Rd6
34. Re7 Kf6 35. Rc7 gxf5+ 36. Kh5 Ne6 37. Rxb7 Nxf4+ 38. gxf4 Kg7 39. Kg5 Rg6+
40. Kxf5 Rh6 41. Kg5 Rxh2 42. Rxb6 Rg2+ 43. Kf5 Rg6 1/2-1/2

[Event "Asian Continental Open 2019"]
[Site "Xingtai CHN"]
[Date "2019.06.10"]
[Round "4"]
[White "Vidit, Santosh Gujrathi"]
[Black "Praggnanandhaa, R."]
[Result "0-1"]
[WhiteElo "2707"]
[BlackElo "2537"]
[PlyCount "90"]
[EventDate "2019.06.07"]

1. c4 Nf6 2. Nc3 e6 3. e4 d5 4. e5 d4 5. exf6 dxc3 6. bxc3 Qxf6 7. d4 b6 8. Be2
Bb7 9. Bf3 Bxf3 10. Nxf3 Bd6 11. Qa4+ c6 12. O-O O-O 13. Bg5 Qf5 14. Rab1 Bc7
15. Bh4 Rc8 16. Kh1 h6 17. Rfe1 a6 18. Bg3 Bxg3 19. fxg3 Nd7 20. Rf1 Qd3 21.
Qb3 Rc7 22. Rbd1 Qg6 23. Kg1 Qh5 24. Rde1 c5 25. d5 exd5 26. Re7 Rac8 27. cxd5
c4 28. Qd1 Nf6 29. Re5 Qg4 30. Qb1 Rc5 31. Qxb6 Nd7 32. Qxa6 Nxe5 33. Nxe5 Qe4
34. Nxf7 Rf8 35. Qe6 Qxe6 36. dxe6 Re8 37. Re1 Rc6 38. a4 Rcxe6 39. Rxe6 Rxe6
40. Nd8 Re3 41. Kf2 Rxc3 42. Nc6 Ra3 43. Ne5 Rxa4 44. Ke3 Ra2 45. Nxc4 Rxg2 0-1

[Event "Asian Continental Open 2019"]
[Site "Xingtai CHN"]
[Date "2019.06.11"]
[Round "5"]
[White "Krishna, C R G."]
[Black "Vidit, Santosh Gujrathi"]
[Result "0-1"]
[WhiteElo "2481"]
[BlackElo "2707"]
[PlyCount "54"]
[EventDate "2019.06.07"]

1. d4 g6 2. Nf3 Bg7 3. c4 d6 4. Nc3 f5 5. e4 fxe4 6. Nxe4 Nf6 7. Ng3 O-O 8. Be2
c5 9. O-O cxd4 10. Nxd4 Nc6 11. Be3 h5 12. Nf3 Ng4 13. Bg5 Qa5 14. b4 Qxb4 15.
Rb1 Qa5 16. Rb5 Qxa2 17. Qd5+ Rf7 18. Bd3 Nge5 19. Nxe5 Nxe5 20. Bb1 Qa4 21. f4
e6 22. Qe4 Nxc4 23. Qxg6 Qxb5 24. Nxh5 Ne3 25. Bd3 Qb2 26. Be4 Nf5 27. Bb1 Bd7
0-1

[Event "Asian Continental Open 2019"]
[Site "Xingtai CHN"]
[Date "2019.06.13"]
[Round "7"]
[White "Vidit, Santosh Gujrathi"]
[Black "Vaibhav, Suri"]
[Result "1-0"]
[WhiteElo "2707"]
[BlackElo "2599"]
[PlyCount "61"]
[EventDate "2019.06.07"]

1. d4 Nf6 2. c4 e6 3. Nc3 Bb4 4. f3 d5 5. a3 Bxc3+ 6. bxc3 c5 7. cxd5 Nxd5 8.
dxc5 Qa5 9. e4 Ne7 10. Be3 O-O 11. Qb3 Qc7 12. Bb5 Nec6 13. Ne2 Na5 14. Qb4 e5
15. O-O Na6 16. Bxa6 bxa6 17. Rad1 Be6 18. Rd5 Rab8 19. Qa4 Bxd5 20. exd5 Rb5
21. d6 Qc6 22. Ng3 Rxc5 23. Qg4 Rc4 24. Nf5 Rxg4 25. Ne7+ Kh8 26. Nxc6 Rxg2+
27. Kxg2 Nxc6 28. Rd1 Rd8 29. d7 Nb8 30. Rb1 Kg8 31. Bc5 1-0

[Event "Asian Continental Open 2019"]
[Site "Xingtai CHN"]
[Date "2019.06.14"]
[Round "8"]
[White "Narayanan, S.L."]
[Black "Vidit, Santosh Gujrathi"]
[Result "1-0"]
[WhiteElo "2603"]
[BlackElo "2707"]
[PlyCount "79"]
[EventDate "2019.06.07"]

1. e4 c5 2. Nc3 Nc6 3. Nge2 Nf6 4. d4 cxd4 5. Nxd4 e5 6. Ndb5 d6 7. Nd5 Nxd5 8.
exd5 Ne7 9. c4 Ng6 10. Qa4 Bd7 11. Qb4 Bf5 12. h4 h5 13. Bg5 f6 14. Be3 a6 15.
Nc3 Qd7 16. O-O-O Be7 17. Be2 Rc8 18. g3 e4 19. Kb1 Ne5 20. Qb3 Bg4 21. Bxg4
hxg4 22. c5 dxc5 23. d6 c4 24. Qc2 Bd8 25. Qxe4 O-O 26. h5 Re8 27. h6 g5 28.
Bd4 Kh8 29. Qd5 Nf3 30. Ne4 Nxd4 31. Qxd4 Re5 32. Ka1 Rc6 33. Rhe1 Bb6 34. Qc3
Ba5 35. Qxa5 Rxa5 36. Nxf6 Qd8 37. Re7 Rxa2+ 38. Kb1 Rc7 39. Re8+ Qxe8 40. Nxe8
1-0

[Event "Poikovsky Tournament 2019"]
[Site "Poikovsky RUS"]
[Date "2019.06.10"]
[Round "5"]
[White "Jakovenko, D."]
[Black "Kovalev, Vl"]
[Result "1-0"]
[WhiteElo "2704"]
[BlackElo "2661"]
[PlyCount "245"]
[EventDate "2019.06.06"]

1. e4 e5 2. Nf3 Nc6 3. Bb5 a6 4. Ba4 Nf6 5. O-O Be7 6. Re1 b5 7. Bb3 d6 8. c3
O-O 9. h3 Bb7 10. d4 Re8 11. a4 Bf8 12. Bg5 h6 13. axb5 axb5 14. Rxa8 Bxa8 15.
Bxf6 Qxf6 16. Na3 Na7 17. d5 Qd8 18. Qd3 Qb8 19. Nc2 Qb6 20. Nb4 Bb7 21. Bd1 g6
22. Be2 h5 23. Nd2 Bh6 24. Nb3 Rf8 25. Ra1 f5 26. exf5 Bc8 27. Qd1 Rxf5 28. Bf3
Rf8 29. Qe2 Kg7 30. Nd2 Bb7 31. Ne4 Nc8 32. Qd3 Ne7 33. Be2 Ra8 34. Rd1 Bc8 35.
Qxb5 Qxb5 36. Bxb5 Ra5 37. c4 Nf5 38. Nc3 Nd4 39. Nc6 Ra8 40. Nxd4 exd4 41.
Rxd4 Bc1 42. Na4 Bf5 43. Rd1 Bf4 44. Nc3 Be5 45. h4 Bf6 46. g3 Bg4 47. Rd3 Ra1+
48. Kg2 Re1 49. Rd2 Rc1 50. Ne4 Be7 51. f3 Bf5 52. Re2 Bxe4 53. Rxe4 Bf6 54.
Ba4 Bxb2 55. Re7+ Kh6 56. Be8 Rc2+ 57. Kh3 Rc3 58. Re6 Rxf3 59. Rxg6+ Kh7 60.
Rg5 Bf6 61. Rxh5+ Kg7 62. Bd7 Kg6 63. Be8+ Kg7 64. Kg2 Rc3 65. Bb5 Kg6 66. Be8+
Kg7 67. Bb5 Kg6 68. g4 Kg7 69. g5 Be5 70. Rh6 Rg3+ 71. Kf2 Rg4 72. Ke3 Kg8 73.
Bd7 Rxc4 74. Be6+ Kg7 75. Bf5 Rf4 76. Bd3 Rg4 77. Rh7+ Kg8 78. g6 Rg3+ 79. Ke2
Rg2+ 80. Ke1 Bc3+ 81. Kf1 Rg3 82. Ke2 Bf6 83. Bf5 Bg7 84. h5 Rg2+ 85. Kf1 Rh2
86. Kg1 Rh4 87. Kg2 Kf8 88. Be6 Rc4 89. h6 Bxh6 90. Rxh6 Kg7 91. Rh3 Kxg6 92.
Bd7 Kf6 93. Re3 Rc5 94. Bc6 Kf5 95. Kf3 Ra5 96. Ke2 Kf4 97. Re7 Ra3 98. Rxc7
Ke4 99. Re7+ Kd4 100. Re6 Kc5 101. Re3 Ra1 102. Kd3 Rh1 103. Re2 Rh3+ 104. Ke4
Rh4+ 105. Kf5 Rh5+ 106. Kf6 Rh6+ 107. Kg5 Rh1 108. Rc2+ Kd4 109. Rd2+ Kc5 110.
Rc2+ Kd4 111. Kf6 Re1 112. Rd2+ Kc3 113. Rf2 Kd4 114. Rf5 Kc5 115. Bd7 Rh1 116.
Be6 Rh6+ 117. Ke7 Rh7+ 118. Rf7 Rh8 119. Rf1 Rh7+ 120. Bf7 Rg7 121. Rc1+ Kd4
122. Kxd6 Rxf7 123. Rd1+ 1-0

[Event "Poikovsky Tournament 2019"]
[Site "Poikovsky RUS"]
[Date "2019.06.10"]
[Round "5"]
[White "Korobov, A."]
[Black "Fedoseev, Vl3"]
[Result "1/2-1/2"]
[WhiteElo "2687"]
[BlackElo "2680"]
[PlyCount "55"]
[EventDate "2019.06.06"]

1. e4 c5 2. Nf3 d6 3. d4 cxd4 4. Nxd4 Nf6 5. Nc3 a6 6. Be2 e6 7. f4 Be7 8. g4
d5 9. e5 Nfd7 10. g5 Qb6 11. a3 h6 12. Be3 hxg5 13. f5 Nxe5 14. fxe6 fxe6 15.
Nf5 Qd8 16. Nxg7+ Kf7 17. Nh5 Nbc6 18. Rf1+ Kg8 19. Rg1 g4 20. Bxg4 Bh4+ 21.
Ke2 d4 22. Bxe6+ Kf8 23. Qf1+ Ke7 24. Rg7+ Kxe6 25. Nf4+ Kf6 26. Nh5+ Ke6 27.
Nf4+ Kf6 28. Nh5+ 1/2-1/2

[Event "Poikovsky Tournament 2019"]
[Site "Poikovsky RUS"]
[Date "2019.06.10"]
[Round "5"]
[White "Sasikiran, K."]
[Black "Mamedov, Rau"]
[Result "1/2-1/2"]
[WhiteElo "2673"]
[BlackElo "2650"]
[PlyCount "45"]
[EventDate "2019.06.06"]

1. e4 c5 2. Nf3 Nc6 3. Nc3 e5 4. Bc4 Be7 5. d3 d6 6. Nd2 Nf6 7. Nf1 Nd7 8. Ne3
Nb6 9. O-O Bg5 10. Ned5 Bxc1 11. Rxc1 O-O 12. f4 Nxc4 13. dxc4 exf4 14. Nxf4
Be6 15. b3 Qg5 16. Qd2 Rad8 17. Rcd1 Bc8 18. Rf2 Rfe8 19. Nd3 Qxd2 20. Rfxd2
Bg4 21. Rf1 Nd4 22. Nf4 Bd7 23. Nfe2 1/2-1/2

[Event "Poikovsky Tournament 2019"]
[Site "Poikovsky RUS"]
[Date "2019.06.10"]
[Round "5"]
[White "Saric, Iv"]
[Black "Artemiev, V."]
[Result "1/2-1/2"]
[WhiteElo "2680"]
[BlackElo "2761"]
[PlyCount "69"]
[EventDate "2019.06.06"]

1. e4 c5 2. Nf3 a6 3. c3 d5 4. exd5 Qxd5 5. d4 Nf6 6. Be2 cxd4 7. cxd4 e6 8.
Nc3 Qd6 9. Ne5 Nc6 10. Nxc6 bxc6 11. O-O Be7 12. Bg5 O-O 13. Qd2 a5 14. Rfd1
Ba6 15. Bxf6 Bxf6 16. Ne4 Qb4 17. Nxf6+ gxf6 18. Bf3 Qxd2 19. Rxd2 Bb5 20. a4
Bc4 21. Bxc6 Rab8 22. d5 Rfd8 23. Rad1 Rb6 24. dxe6 Rxd2 25. Rxd2 fxe6 26. Bf3
Bb3 27. Rd8+ Kg7 28. Rd7+ Kh6 29. Rb7 Rxb7 30. Bxb7 Bxa4 31. f4 e5 32. fxe5
fxe5 33. Kf2 Kg5 34. Ke3 Kf6 35. Bd5 1/2-1/2

[Event "Poikovsky Tournament 2019"]
[Site "Poikovsky RUS"]
[Date "2019.06.10"]
[Round "5"]
[White "Wang Hao"]
[Black "Esipenko, Andrey"]
[Result "1/2-1/2"]
[WhiteElo "2737"]
[BlackElo "2611"]
[PlyCount "67"]
[EventDate "2019.06.06"]

1. c4 Nf6 2. Nc3 e6 3. e4 d5 4. cxd5 exd5 5. e5 Ne4 6. Nf3 Bf5 7. d3 Nxc3 8.
bxc3 c5 9. d4 Nc6 10. Bd3 Bxd3 11. Qxd3 cxd4 12. Nxd4 Nxd4 13. cxd4 Bb4+ 14.
Ke2 O-O 15. Rb1 Ba5 16. Ba3 Re8 17. Rxb7 Qc8 18. Rb3 Qg4+ 19. Kf1 Bb6 20. Bb2
Rac8 21. h3 Qe4 22. Qxe4 dxe4 23. Ke2 Rc2+ 24. Ke3 Rxe5 25. Rxb6 axb6 26. dxe5
Rxb2 27. Rd1 Kf8 28. Rd2 Rb4 29. a3 Rb3+ 30. Kxe4 Rxa3 31. Rb2 Ra6 32. Kf5 b5
33. Rxb5 Ra2 34. Rb8+ 1/2-1/2

[Event "Poikovsky Tournament 2019"]
[Site "Poikovsky RUS"]
[Date "2019.06.11"]
[Round "6"]
[White "Jakovenko, D."]
[Black "Sasikiran, K."]
[Result "1/2-1/2"]
[WhiteElo "2704"]
[BlackElo "2673"]
[PlyCount "21"]
[EventDate "2019.06.06"]

1. e4 e5 2. Nf3 Nc6 3. Bc4 Bc5 4. c3 Nf6 5. d3 d6 6. O-O a6 7. Bb3 Ba7 8. Re1
h6 9. Be3 Bxe3 10. Rxe3 O-O 11. Nbd2 1/2-1/2

[Event "Poikovsky Tournament 2019"]
[Site "Poikovsky RUS"]
[Date "2019.06.11"]
[Round "6"]
[White "Fedoseev, Vl3"]
[Black "Saric, Iv"]
[Result "0-1"]
[WhiteElo "2680"]
[BlackElo "2680"]
[PlyCount "70"]
[EventDate "2019.06.06"]

1. d4 Nf6 2. c4 c6 3. Nf3 d5 4. e3 Bg4 5. Qb3 Qb6 6. Nc3 e6 7. Nh4 Be7 8. h3
Bh5 9. g4 Bg6 10. Nxg6 hxg6 11. Bg2 g5 12. Bd2 Nbd7 13. O-O-O a5 14. Qa4 Bb4
15. a3 Bxc3 16. Bxc3 Qc7 17. cxd5 b5 18. Qb3 Nxd5 19. Bd2 Rb8 20. Kb1 a4 21.
Qc2 b4 22. axb4 Nxb4 23. Qxa4 Nd3 24. Bc3 Nxf2 25. Bxc6 Nxd1 26. Rxd1 O-O 27.
d5 Ne5 28. h4 exd5 29. Qd4 Qxc6 30. Qxe5 Qg6+ 31. Kc1 gxh4 32. Rh1 Rfe8 33. Qh2
Rec8 34. Qe5 d4 35. Qxd4 Ra8 0-1

[Event "Poikovsky Tournament 2019"]
[Site "Poikovsky RUS"]
[Date "2019.06.11"]
[Round "6"]
[White "Artemiev, V."]
[Black "Wang Hao"]
[Result "1/2-1/2"]
[WhiteElo "2761"]
[BlackElo "2737"]
[PlyCount "111"]
[EventDate "2019.06.06"]

1. Nf3 d5 2. g3 g6 3. Bg2 Bg7 4. d4 Nf6 5. O-O O-O 6. Nbd2 c6 7. c4 a5 8. b3 a4
9. Ba3 Re8 10. e3 Bf5 11. Re1 Nbd7 12. h3 Bd3 13. cxd5 Nxd5 14. Nc4 Be4 15.
bxa4 N7b6 16. Ncd2 Bxf3 17. Nxf3 Nc4 18. Bc1 Qa5 19. Nd2 Nxd2 20. Bxd2 Qxa4 21.
Rb1 Reb8 22. Qxa4 Rxa4 23. Rec1 Rxa2 24. Rxc6 Rxd2 25. Bxd5 b5 26. Rc7 Bf8 27.
Kf1 e6 28. Ke1 Rd3 29. Bb3 Bb4+ 30. Ke2 Rc3 31. Ra7 Bd6 32. Rd7 Rb6 33. e4 Rc7
34. Rxc7 Bxc7 35. Ra1 Rb8 36. f4 Rd8 37. d5 e5 38. Ra7 Bd6 39. fxe5 Bxe5 40. d6
Bxd6 41. Rxf7 Kh8 42. g4 Re8 43. Bd5 Re7 44. Rf6 Be5 45. Rb6 Kg7 46. Kf3 Rc7
47. h4 h5 48. gxh5 gxh5 49. Rxb5 Rc3+ 50. Ke2 Bg3 51. Kd2 Ra3 52. Rb7+ Kh6 53.
Rb6+ Kg7 54. Bb3 Ra5 55. Ke3 Bxh4 56. Bd5 1/2-1/2